[Event "Schleswig Holstein-ch cand"]
[Site "Eckernfoerde"]
[Date "2016.03.24"]
[Round "8"]
[White "Gabor, Hartmut"]
[Black "Lewke, Burkhard"]
[Result "1-0"]
[WhiteElo "1812"]
[BlackElo "1722"]
[PlyCount "95"]
[EventDate "2016.03.19"]
[EventType "swiss"]
[EventRounds "9"]
[EventCountry "GER"]
[SourceTitle "EXT 2018"]
[Source "ChessBase"]
[SourceDate "2017.10.13"]
[SourceVersion "1"]
[SourceVersionDate "2017.10.13"]
[SourceQuality "1"]

1. e4 c5 2. Nf3 a6 3. d4 cxd4 4. Nxd4 Nc6 5. Nc3 e6 6. Be2 Bc5 7. Nb3 Be7 8. Be3 Nf6 9. f4 d5 10. e5 Nd7 11. 0-0 Na5 12. Nd4 Nc6 13. Nb3 Na5 14. Qe1 Nxb3 15. axb3 Bc5 16. Bxc5 Nxc5 17. Rd1 Qb6 18. Kh1 Qc7 19. Qg3 g6 20. b4 Nd7 21. Ra1 Nb6 22. h4 Bd7 23. b5 a5 24. Qe3 Nc8 25. Rfd1 b6 26. Rd2 Ne7 27. g4 Qb7 28. Bf3 Qc7 29. Rad1 Rb8 30. Be2 Qc5 31. Qd3 Rd8 32. Qf3 0-0 33. Bd3 Bc8 34. Ne2 Qc7 35. Nd4 Qc5 36. c3 Qc7 37. Re1 Bb7 38. Kh2 Bc8 39. h5 Kg7 40. f5 exf5 41. gxf5 f6 42. hxg6 hxg6 43. Qg3 Qb7 44. fxg6 f5 45. e6 f4 46. Qg5 Qc7 47. Kg1 Rf6 48. Rh2 1-0

[Event "Schleswig Holstein-ch cand"]
[Site "Eckernfoerde"]
[Date "2016.03.20"]
[Round "2"]
[White "Lewke, Burkhard"]
[Black "Gerks, Joachim"]
[Result "1-0"]
[WhiteElo "1722"]
[BlackElo "1853"]
[PlyCount "75"]
[EventDate "2016.03.19"]
[EventType "swiss"]
[EventRounds "9"]
[EventCountry "GER"]
[SourceTitle "EXT 2018"]
[Source "ChessBase"]
[SourceDate "2017.10.13"]
[SourceVersion "1"]
[SourceVersionDate "2017.10.13"]
[SourceQuality "1"]

1. d4 Nf6 2. c4 d6 3. Bf4 Nbd7 4. Nf3 c5 5. d5 Ne4 6. Nbd2 Ndf6 7. Nxe4 Nxe4 8. Nd2 Qa5 9. f3 Nxd2 10. Bxd2 Qc7 11. e4 Bd7 12. Bd3 a6 13. Qe2 Rb8 14. a4 e6 15. 0-0 Be7 16. Bc3 0-0 17. f4 Qd8 18. Qh5 g6 19. Qe2 f5 20. e5 Re8 21. Rf3 Bf8 22. Re3 Qc8 23. b3 b6 24. Re1 Kf7 25. Qf2 Qd8 26. Qe2 Qc8 27. Qb2 Bg7 28. exd6 Bxc3 29. Qxc3 a5 30. Qb2 Rb7 31. Qe2 Ra7 32. Bc2 Rb7 33. Bd1 Ra7 34. Qd3 Ra6 35. Bf3 Ra7 36. dxe6+ Bxe6 37. Rxe6 Rxe6 38. Bd5 1-0

[Event "Schleswig Holstein-ch cand"]
[Site "Eckernfoerde"]
[Date "2016.03.19"]
[Round "1"]
[White "Schlueter, Mike"]
[Black "Lewke, Burkhard"]
[Result "1-0"]
[WhiteElo "1878"]
[BlackElo "1722"]
[PlyCount "99"]
[EventDate "2016.03.19"]
[EventType "swiss"]
[EventRounds "9"]
[EventCountry "GER"]
[SourceTitle "EXT 2018"]
[Source "ChessBase"]
[SourceDate "2017.10.13"]
[SourceVersion "1"]
[SourceVersionDate "2017.10.13"]
[SourceQuality "1"]

1. d4 e6 2. Nf3 c5 3. c4 d5 4. cxd5 exd5 5. e3 a6 6. Bd3 Nc6 7. 0-0 Nf6 8. Nbd2 Be7 9. dxc5 Bxc5 10. Qe2 Bd6 11. a3 0-0 12. b4 Ne5 13. Bb2 Nxd3 14. Qxd3 Be6 15. Rfc1 Qd7 16. Ne5 Qe7 17. f4 Nd7 18. Ndf3 f6 19. Nxd7 Qxd7 20. Nd4 Bf7 21. Nb3 Rfe8 22. Bd4 Qg4 23. Qd1 Qe6 24. g4 Qe4 25. Kf2 Rac8 26. Nc5 Bxc5 27. Rxc5 Rxc5 28. bxc5 Qe6 29. Rb1 Qc6 30. Rb6 Qc7 31. Qb1 Re7 32. Qb4 Be8 33. g5 fxg5 34. Be5 Qc8 35. c6 Rxe5 36. fxe5 Qf5+ 37. Ke1 Qxe5 38. cxb7 Qxe3+ 39. Kd1 Bh5+ 40. Kc2 Bg6+ 41. Rxg6 Qe2+ 42. Kc3 Qe3+ 43. Kc2 Qe2+ 44. Qd2 Qc4+ 45. Qc3 Qa4+ 46. Kc1 Qf4+ 47. Kb2 Qxh2+ 48. Kb3 hxg6 49. Qc8+ Kh7 50. b8Q 1-0

[Event "Schleswig Holstein-ch Seniors"]
[Site "Hanerau"]
[Date "2015.04.02"]
[Round "8"]
[White "Schluenz, Wolfgang"]
[Black "Lewke, Burkhard"]
[Result "1/2-1/2"]
[WhiteElo "1986"]
[BlackElo "1715"]
[PlyCount "136"]
[EventDate "2015.03.28"]
[EventType "swiss"]
[EventRounds "9"]
[EventCountry "GER"]
[SourceTitle "EXT 2018"]
[Source "ChessBase"]
[SourceDate "2017.10.13"]
[SourceVersion "1"]
[SourceVersionDate "2017.10.13"]
[SourceQuality "1"]

1. e4 d5 2. exd5 Qxd5 3. Nc3 Qa5 4. d4 c6 5. Bc4 Nf6 6. h3 Bf5 7. Nf3 e6 8. 0-0 Bd6 9. Bd2 Qc7 10. Nh4 Bg6 11. Nxg6 hxg6 12. Re1 Rh4 13. Bg5 Rh5 14. Bxf6 gxf6 15. d5 e5 16. dxc6 bxc6 17. Be2 Rh4 18. Bf3 a6 19. Qd2 Kf8 20. Rad1 Be7 21. Re4 Rh8 22. Rc4 Qb6 23. Na4 Qb5 24. Qc3 Kg7 25. Rxc6 Bb4 26. Qc4 Nxc6 27. Qxc6 Rac8 28. Qxb5 axb5 29. c3 bxa4 30. cxb4 Rc2 31. Rb1 Rd8 32. Bd1 Rc4 33. Bxa4 Rxb4 34. Bb3 Rd2 35. Kf1 Rf4 36. f3 e4 37. Bd1 e3 38. a3 Rfd4 39. Be2 Rd8 40. a4 Rb8 41. b4 Rd4 42. Bb5 f5 43. g3 g5 44. f4 gxf4 45. gxf4 Rxf4+ 46. Ke2 Re4 47. Kf3 Kf6 48. Re1 Rh8 49. Rh1 Rxb4 50. Kxe3 Rxh3+ 51. Rxh3 Rb3+ 52. Bd3 Rb4 53. a5 Ra4 54. a6 f4+ 55. Kd2 Kg5 56. Rh7 f5 57. Rg7+ Kf6 58. Rc7 Ke5 59. Rc5+ Ke6 60. Rxf5 Rxa6 61. Rxf4 Ra2+ 62. Ke3 Ra3 63. Kd4 Ra5 64. Bc4+ Ke7 65. Rh4 Kf6 66. Rf4+ Rf5 67. Re4 Kg5 68. Bd3 Rf4 1/2-1/2

[Event "Schleswig Holstein-ch Seniors"]
[Site "Hanerau"]
[Date "2015.03.30"]
[Round "3"]
[White "Lewke, Burkhard"]
[Black "Haversick, Axel"]
[Result "0-1"]
[WhiteElo "1715"]
[BlackElo "1839"]
[PlyCount "104"]
[EventDate "2015.03.28"]
[EventType "swiss"]
[EventRounds "9"]
[EventCountry "GER"]
[SourceTitle "EXT 2018"]
[Source "ChessBase"]
[SourceDate "2017.10.13"]
[SourceVersion "1"]
[SourceVersionDate "2017.10.13"]
[SourceQuality "1"]

1. d4 Nf6 2. c4 e6 3. Nc3 Bb4 4. Bg5 h6 5. Bh4 d5 6. e3 Nbd7 7. Rc1 c6 8. a3 Be7 9. Nf3 0-0 10. Bd3 dxc4 11. Bxc4 Nb6 12. Ba2 Nfd5 13. Bg3 Bd6 14. Ne5 c5 15. dxc5 Bxe5 16. Bxe5 Qg5 17. Bg3 Nxe3 18. fxe3 Qxe3+ 19. Ne2 Nd5 20. Bf2 Qg5 21. 0-0 Rd8 22. Qc2 Bd7 23. Bxd5 Qxd5 24. Qc4 Qg5 25. Nd4 Rac8 26. Nf3 Qe7 27. b4 a6 28. Ne5 Bb5 29. Qh4 Qxh4 30. Bxh4 g5 31. Bxg5 hxg5 32. Rxf7 Rd5 33. Rxb7 Rxe5 34. c6 Rxc6 35. Rxc6 Bxc6 36. Rc7 Bb5 37. Rc3 Kf7 38. Kf2 Ke7 39. Kf3 Kd6 40. g3 Be2+ 41. Kf2 g4 42. Re3 Bb5 43. Rxe5 Kxe5 44. Ke3 Kd5 45. Kf4 Be2 46. a4 Kd4 47. b5 e5+ 48. Kf5 axb5 49. axb5 Bxb5 50. Kxg4 Bc6 51. Kh3 e4 52. Kg2 Kd3 0-1